South America by 3 Largest Cities in Order - Statistics

General Stats
  • This quiz has been taken 6 times
  • The average score is 4 of 12
Answers on the Map
Answers color-coded by a green-red scale on the quiz's map according to % correct below.
 
Answer Stats
Country % Correct
Argentina
75%
Colombia
75%
Brazil
50%
Peru
50%
Bolivia
25%
Chile
25%
Ecuador
25%
Venezuela
25%
Guyana
0%
Paraguay
0%
Suriname
0%
Uruguay
0%
No matching quizzes found
Score Distribution
Percent of People with Each Score
Percentile by Number Answered
Your Score History
You have not taken this quiz